[Event "RUS-ch Higher League (Women) 73rd"]
[Site "Novokuznetsk"]
[Date "2023.07.02"]
[Round "6"]
[White "Lesnykh, Zhanna"]
[Black "Tsamalaidze, Liana"]
[Result "1-0"]
[WhiteElo "2019"]
[BlackElo "1615"]
[PlyCount "101"]
[EventDate "2023.06.26"]
[EventType "swiss"]
[EventRounds "9"]
[EventCountry "RUS"]
[SourceTitle "EXT 2024"]
[Source "ChessBase"]
[SourceDate "2023.10.10"]
[SourceVersion "1"]
[SourceVersionDate "2023.10.10"]
[SourceQuality "1"]

1. e4 c5 2. Nf3 Nc6 3. Bb5 e5 4. 0-0 Bd6 5. d4 Nxd4 6. Nxd4 cxd4 7. c3 Qb6 8. Qd3 Ne7 9. cxd4 Qxd4 10. Qe2 Qb6 11. Nc3 a6 12. Be3 Bc5 13. Bc4 Bd4 14. Rad1 0-0 15. Qd2 Bxe3 16. fxe3 Qg6 17. Qd6 Nc6 18. a4 Na5 19. Ba2 Qxd6 20. Rxd6 b5 21. Nd5 Bb7 22. Nb6 Rad8 23. Rxd7 Bxe4 24. Rfxf7 Kh8 25. axb5 axb5 26. Rxd8 Rxd8 27. Nd7 Bg6 28. Nxe5 Rd1+ 29. Rf1 Rxf1+ 30. Kxf1 Bc2 31. b4 Nb3 32. Bxb3 Bxb3 33. Ke2 g6 34. Kd3 Kg7 35. Kd4 Kf6 36. Nf3 Bc4 37. Nd2 Be2 38. Ne4+ Ke6 39. Ng5+ Kf5 40. Nxh7 Bf1 41. g3 Kg4 42. e4 Kh3 43. e5 Bc4 44. Ng5+ Kg4 45. Ne4 Kh3 46. Nd6 Bb3 47. Nxb5 Kxh2 48. Nc7 Kxg3 49. b5 Bd1 50. b6 Bf3 51. Nd5 1-0

[Event "RUS-ch Higher League (Women) 73rd"]
[Site "Novokuznetsk"]
[Date "2023.07.01"]
[Round "5"]
[White "Tsamalaidze, Liana"]
[Black "Ubiennykh, Ekaterina"]
[Result "0-1"]
[WhiteElo "1615"]
[BlackElo "2288"]
[PlyCount "68"]
[EventDate "2023.06.26"]
[EventType "swiss"]
[EventRounds "9"]
[EventCountry "RUS"]
[SourceTitle "EXT 2024"]
[Source "ChessBase"]
[SourceDate "2023.10.10"]
[SourceVersion "1"]
[SourceVersionDate "2023.10.10"]
[SourceQuality "1"]

1. d4 Nf6 2. c4 e6 3. Nf3 d5 4. g3 dxc4 5. Bg2 Nc6 6. 0-0 Rb8 7. a4 a6 8. Re1 Be7 9. e4 0-0 10. Nc3 Nb4 11. Ne5 c5 12. d5 b5 13. axb5 axb5 14. Nc6 Nxc6 15. dxc6 Qc7 16. e5 Ne8 17. Bf4 Kh8 18. h4 g6 19. Ra2 b4 20. Ne2 Qb6 21. Bh6 Rg8 22. Qc1 c3 23. bxc3 b3 24. Rb2 Ba6 25. Qf4 f5 26. c4 Qb4 27. Rc1 Nc7 28. Rc3 Qa4 29. Nc1 Rb4 30. Rbxb3 Nd5 31. cxd5 Rxf4 32. Ra3 Qd1+ 33. Kh2 Rxf2 34. Be3 Rxg2+ 0-1

[Event "RUS-ch Higher League (Women) 73rd"]
[Site "Novokuznetsk"]
[Date "2023.06.26"]
[Round "1"]
[White "Tsamalaidze, Liana"]
[Black "Matveeva, Olga"]
[Result "1/2-1/2"]
[WhiteElo "1615"]
[BlackElo "2128"]
[PlyCount "125"]
[EventDate "2023.06.26"]
[EventType "swiss"]
[EventRounds "9"]
[EventCountry "RUS"]
[SourceTitle "EXT 2024"]
[Source "ChessBase"]
[SourceDate "2023.10.10"]
[SourceVersion "1"]
[SourceVersionDate "2023.10.10"]
[SourceQuality "1"]

1. d4 d5 2. c4 e6 3. Nc3 Nf6 4. cxd5 Nxd5 5. e4 Nxc3 6. bxc3 c5 7. Be3 cxd4 8. Bb5+ Bd7 9. Bxd7+ Qxd7 10. Qxd4 Qc7 11. Ne2 Nc6 12. Qa4 Be7 13. Nd4 Qa5 14. Qxa5 Nxa5 15. Nb5 0-0 16. Bxa7 Nc4 17. a4 b6 18. Ke2 Rfc8 19. Rhd1 Bc5 20. Rd7 g5 21. g3 g4 22. h3 h5 23. hxg4 hxg4 24. Rh1 Rd8 25. Rhd1 Rxd7 26. Rxd7 Rc8 27. Rc7 Rd8 28. Bxb6 Rd2+ 29. Ke1 Bxb6 30. Rxc4 Rxf2 31. a5 Be3 32. Ra4 Rb2 33. Nd4 Bd2+ 34. Kf1 Bxc3 35. Ne2 Rb1+ 36. Kf2 Be1+ 37. Ke3 Rb3+ 38. Kf4 Bf2 39. a6 Ba7 40. Kxg4 Kg7 41. Nf4 Kf6 42. Nh5+ Ke5 43. Ng7 Rc3 44. Kh4 Rd3 45. Ne8 f5 46. exf5 Kxf5 47. Nc7 Rd7 48. g4+ Kf6 49. Nb5 Bb8 50. g5+ Kg6 51. a7 Bxa7 52. Nxa7 Rd1 53. Rg4 Rh1+ 54. Kg3 Kf5 55. Rf4+ Kxg5 56. Rf2 Rc1 57. Nb5 e5 58. Nd6 Rc3+ 59. Kg2 Kg4 60. Ne4 Ra3 61. Nf6+ Kg5 62. Ne4+ Kg4 63. Nf6+ 1/2-1/2

[Event "Moscow op (Women) 17th"]
[Site "Moscow"]
[Date "2021.02.28"]
[Round "9"]
[White "Tsamalaidze, Liana"]
[Black "Kvachko, Anastasiya"]
[Result "1-0"]
[WhiteElo "1446"]
[BlackElo "1882"]
[PlyCount "111"]
[EventDate "2021.02.20"]
[EventType "swiss"]
[EventRounds "9"]
[EventCountry "RUS"]
[SourceTitle "EXT 2022"]
[Source "ChessBase"]
[SourceDate "2021.10.06"]
[SourceVersion "1"]
[SourceVersionDate "2021.10.06"]
[SourceQuality "1"]

1. d4 e6 2. Nf3 d5 3. e3 Nf6 4. Bd3 Be7 5. 0-0 0-0 6. b3 Nbd7 7. Bb2 b6 8. Ne5 Bb7 9. f4 Rc8 10. g4 c5 11. g5 Ne4 12. Qg4 Nxe5 13. dxe5 g6 14. Bxe4 dxe4 15. Rd1 Qc7 16. Na3 a6 17. Nc4 Rfd8 18. Nd6 Bxd6 19. exd6 Rxd6 20. Be5 Rxd1+ 21. Rxd1 Qe7 22. Bf6 Qe8 23. c4 b5 24. Qe2 bxc4 25. bxc4 Qa4 26. Qd2 Bc6 27. Ba1 Rb8 28. Kf2 e5 29. Bxe5 Re8 30. Ba1 Qa3 31. Rb1 Qd3 32. Qb2 f6 33. Re1 Rf8 34. Qb6 Bd7 35. Bxf6 Bg4 36. Qb2 Qxc4 37. Bg7 Rf7 38. Bh6 Qb4 39. Qc2 Rb7 40. Rc1 Bf3 41. Kg3 Rd7 42. Qxc5 Qxc5 43. Rxc5 Rd3 44. f5 gxf5 45. Rxf5 Rd8 46. a4 Be2 47. a5 Bc4 48. Rf6 Re8 49. Kf4 Bd3 50. h4 Bc4 51. Kf5 Bf7 52. Rxa6 Rc8 53. Kf6 Bg6 54. Rb6 Ra8 55. a6 Be8 56. a7 1-0

[Event "Moscow op (Women) 17th"]
[Site "Moscow"]
[Date "2021.02.26"]
[Round "7"]
[White "Kiseleva, Arina"]
[Black "Tsamalaidze, Liana"]
[Result "1-0"]
[WhiteElo "2035"]
[BlackElo "1446"]
[PlyCount "49"]
[EventDate "2021.02.20"]
[EventType "swiss"]
[EventRounds "9"]
[EventCountry "RUS"]
[SourceTitle "CBM 200 Extra"]
[Source "ChessBase"]
[SourceDate "2021.03.31"]
[SourceVersion "1"]
[SourceVersionDate "2021.03.31"]
[SourceQuality "1"]

1. d4 d5 2. Nf3 Nf6 3. c4 e6 4. Nc3 c6 5. e3 Bd6 6. Qc2 0-0 7. Bd2 Nbd7 8. 0-0-0 a5 9. e4 dxe4 10. Nxe4 Nxe4 11. Qxe4 Nf6 12. Qh4 Be7 13. Bd3 c5 14. Bc3 cxd4 15. Bxd4 g6 16. Qh6 Qc7 17. Kb1 Rd8 18. Be5 Qc5 19. h4 Ne8 20. Ng5 Bxg5 21. Qxh7+ Kf8 22. Qh8+ Ke7 23. hxg5 Bd7 24. Bxg6 Qxf2 25. Rhf1 1-0

[Event "Moscow op (Women) 17th"]
[Site "Moscow"]
[Date "2021.02.25"]
[Round "6"]
[White "Tsamalaidze, Liana"]
[Black "Gurgenidze, Aleksandra"]
[Result "1-0"]
[WhiteElo "1446"]
[BlackElo "1399"]
[PlyCount "65"]
[EventDate "2021.02.20"]
[EventType "swiss"]
[EventRounds "9"]
[EventCountry "RUS"]
[SourceTitle "CBM 200 Extra"]
[Source "ChessBase"]
[SourceDate "2021.03.31"]
[SourceVersion "1"]
[SourceVersionDate "2021.03.31"]
[SourceQuality "1"]

1. e4 c5 2. Nf3 d6 3. d4 cxd4 4. Nxd4 Nf6 5. Nc3 a6 6. Be2 e5 7. Nb3 Be7 8. Be3 Be6 9. f3 Nbd7 10. g4 0-0 11. Qd2 b5 12. g5 Nh5 13. Nd5 Bxd5 14. exd5 Nb6 15. Na5 Qc7 16. Nc6 Rfe8 17. 0-0-0 Nf4 18. Bxf4 exf4 19. h4 Rac8 20. Nb4 Nc4 21. Nxa6 Qa7 22. Bxc4 Rxc4 23. Nb4 Qa4 24. a3 Rec8 25. Rh2 Bd8 26. Nc6 b4 27. Qe2 g6 28. Qxc4 Ra8 29. Re2 Bb6 30. Kb1 bxa3 31. Re8+ Kg7 32. Qc3+ f6 33. Qxf6# 1-0

[Event "Moscow op (Women) 17th"]
[Site "Moscow"]
[Date "2021.02.24"]
[Round "5"]
[White "Ponomareva, Varvara"]
[Black "Tsamalaidze, Liana"]
[Result "1-0"]
[WhiteElo "1663"]
[BlackElo "1446"]
[PlyCount "89"]
[EventDate "2021.02.20"]
[EventType "swiss"]
[EventRounds "9"]
[EventCountry "RUS"]
[SourceTitle "CBM 200 Extra"]
[Source "ChessBase"]
[SourceDate "2021.03.31"]
[SourceVersion "1"]
[SourceVersionDate "2021.03.31"]
[SourceQuality "1"]

1. d4 Nf6 2. c4 e6 3. Nc3 Bb4 4. e3 d5 5. a3 Be7 6. Nge2 0-0 7. Ng3 b6 8. Bd3 Bb7 9. 0-0 c5 10. cxd5 Nxd5 11. Qc2 h6 12. dxc5 Bxc5 13. b4 Be7 14. Rd1 Qc8 15. Bb2 Nd7 16. Rac1 Nxc3 17. Bxc3 Bf6 18. Bb5 Bc6 19. Bxf6 Bxb5 20. Qb2 Qb7 21. Bxg7 Rfe8 22. Bxh6 f6 23. Qc2 Ne5 24. f4 Rac8 25. Qe4 Qxe4 26. Nxe4 Ng4 27. Nd6 Rxc1 28. Rxc1 Nxh6 29. Nxb5 a6 30. Nd6 Rd8 31. Rc8 Nf7 32. Rxd8+ Nxd8 33. g4 Kf8 34. h4 b5 35. h5 Ke7 36. Ne4 f5 37. Ng5 Nb7 38. h6 Kf6 39. Nxe6 Kg6 40. g5 Nd6 41. Nf8+ Kf7 42. h7 Kg7 43. g6 Ne4 44. Ne6+ Kh8 45. Nd8 1-0

[Event "Moscow op (Women) 17th"]
[Site "Moscow"]
[Date "2021.02.21"]
[Round "2"]
[White "Ivanova, Anastasia2222"]
[Black "Tsamalaidze, Liana"]
[Result "1-0"]
[WhiteElo "1830"]
[BlackElo "1446"]
[PlyCount "83"]
[EventDate "2021.02.20"]
[EventType "swiss"]
[EventRounds "9"]
[EventCountry "RUS"]
[SourceTitle "CBM 200 Extra"]
[Source "ChessBase"]
[SourceDate "2021.03.31"]
[SourceVersion "1"]
[SourceVersionDate "2021.03.31"]
[SourceQuality "1"]

1. d4 Nf6 2. c4 g6 3. Nc3 Bg7 4. e4 d6 5. Nf3 0-0 6. Be2 e5 7. 0-0 Nc6 8. d5 Ne7 9. Ne1 Nd7 10. Be3 f5 11. f3 f4 12. Bf2 a5 13. a3 b6 14. b4 Bb7 15. Nd3 g5 16. c5 axb4 17. axb4 bxc5 18. bxc5 Rxa1 19. Qxa1 Nf6 20. Nb5 Bc8 21. Qa5 Ne8 22. cxd6 Nxd6 23. Nxc7 g4 24. Rc1 Ng6 25. Qb4 Bh6 26. Rc6 gxf3 27. Bxf3 Nf7 28. Bc5 Ng5 29. Bxf8 Nxf3+ 30. gxf3 Qg5+ 31. Kh1 Bxf8 32. Qe1 Qh5 33. Qf2 Nh4 34. Ne6 Bd7 35. Rc7 Bxe6 36. dxe6 Nxf3 37. e7 Bxe7 38. Rxe7 Kf8 39. Ra7 Nd4 40. Ne1 Qd1 41. Qh4 Nc6 42. Qf6+ 1-0